Límites y posibilidades del desarrollo de las etnias indias en el marco del Estado nacional /

Guardado en:
書目詳細資料
主要作者: Varese, Stefano
Autores Corporativos: FLACSO, UNESCO
格式: Texto
出版: San José: FLACSO
標簽: 添加標簽
沒有標簽, 成為第一個標記此記錄!

MARC

LEADER 00000 a a2200000 04500
001 23999
003
040
090 |a 170300  
100 |a Varese, Stefano  
110 |a FLACSO  
245 |a Límites y posibilidades del desarrollo de las etnias indias en el marco del Estado nacional /  |c FLACSO  
260 |a San José:   |b FLACSO  
300 |a 21 p  
710 |a UNESCO  
999 |c 17504  |d 17504